000 00491nam a2200169Ia 4500
005 20250120052258.0
008 240331s9999 xx 000 0 und d
020 _a0722522088
082 _bBLA
_2606
_a305.4
100 _aBlaker, K
245 0 _aBorn to Please:
_bAn Eight-Step Recovery Programme for Women Trapped By Their Relationships
260 _aNorthamptonshire
_bThorsons Publishing Group
_c1990
300 _aix, 227 p.,
650 _aWomen
650 _aRelationships
942 _cL
999 _c1628
_d1628